LEADER 01544nam a2200277 u 4500 001 000000033031 003 CaOOAMICUS 005 20070226112322.0 008 971027s1943 vc u000 u spa u 035 $a10774440 040 $aPUL$bita 110 2 $aPapi (1939-1958 : Pius PP. XII).$0(OLS)http://pul/name/3722 240 10$aDe Sacrorum Bibliorum studiis opportune provehendis.$lSpagnolo.$0(OLS)http://pul/title/45497 245 10$aCarta encíclica de nuestro santísimo señor Pio por la Divina Providencia Papa XII ... sobre el promover oportunamente los estudios de la Sagrada Biblia. 246 30$aSobre el promover oportunamente los estudios de la Sagrada Biblia 260 $a[Città del Vaticano] :$bTipografia poliglotta vaticana,$c1943. 300 $a28 p. ;$c27 cm 850 $aPUL 852 $aPUL$W1$xSL Religione 1$y3$m10(2) A 28(int.5)$j45402$nBK-PRI$b $qStampati$B45402$CPULBib$Z2$F45402 $H $81 900 $aPius PP.$bXII,$d1876-1958$93722 900 $aPius PP.$bXII,$d1876-1958$93722 941 1 $a8 961 $aINV: Legato con lo stesso testo in altre lingue. 996 $6245$aCarta encíclica de nuestro santísimo señor Pio por la Divina Providencia Papa XII ... sobre el promover oportunamente los estudios de la Sagrada Biblia$9(OLS)http://pul/title/45498 996 $6246$aSobre el promover oportunamente los estudios de la Sagrada Biblia$9(OLS)http://pul/title/45499 996 $6260$a[Città del Vaticano] :$bTipografia poliglotta vaticana$9(OLS)http://pul/publisher/51942 LEADER 01642nam a2200313 u 4500 001 000000080683 003 CaOOAMICUS 005 20120528153609.0 008 050120s2002 it u000 u ita u 035 $a11023007 040 $aPUL$bita 100 1 $aWojtecki, Dariusz Stanis?aw.$0(OLS)http://pul/name/53803 245 10$aEvangelizzazione e promozione umana nell'insegnamento di Paolo VI :$bgenesi, analisi e sviluppi del loro rapporto /$cDariusz Stanis?aw Wojtecki. 260 $aAbellini :$b[s.n.],$c2002. 300 $a265 p.$c24 cm 500 $aIn testa al front.: "Pontificia Universitas Sanctae Crucis. Facultas Theologiae". 500 $aSul front.: "Thesis ad Doctoratum in Theologia totaliter edita". 502 $aThesis (Doct.) -- Pontificia Universitas Sanctae Crucis. Facultas Theologiae. 504 $aBibliografia: p. [215]-260. 610 24$aPapi (1963-1978 : Paulus PP. VI).$0(OLS)http://pul/subject/10628 650 4$aEvangelizzazione.$0(OLS)http://pul/subject/1355 710 2 $aPontificia Università della Santa Croce.$bFacoltà di teologia.$kTesi.$0(OLS)http://pul/name/81920 850 $aPUL 852 $aPUL$W1$xDP1 Tesi Pon. Univ. S. Croce$y43$m2002 B 4$j127501$nBK-PRI$qTesi$q $B103032$CPULBib$Z2$F103032 $H96945 $81 941 1 $a16 960 $aPaulus PP.$bVI,$cs.,$d1897-1978$910628 960 $aPaulus PP.$bVI,$cs.,$d1897-1978$910628 996 $6245$aEvangelizzazione e promozione umana nell'insegnamento di Paolo VI :$bgenesi, analisi e sviluppi del loro rapporto$9(OLS)http://pul/title/105640 996 $6260$aAbellini :$b[s.n.]$9(OLS)http://pul/publisher/75852